000 00493nam a22001697a 4500
005 20251108164653.0
008 250721s1991 xx 000 0 ara d
082 1 4 _a811.06/بوص
100 1 _aالبوصيري، شرف الدين أبو عبد الله
245 1 0 _aالبردة /
264 1 _aالقاهرة :
_bمكتبة الآداب،
_c1991.
300 _a142 ص
650 1 7 _aالشعر الديني
650 1 7 _aالشعر العباسي
942 _2ddc
_cBK
999 _c11436
_d11436